लोड हो रहा है...
Nalu Nadakangal
| मुख्य लेखक: | |
|---|---|
| स्वरूप: | Printed Book |
| भाषा: | Malayalam |
| प्रकाशित: |
Jose Murikkal
Jose Murikkal
1986
|
| LEADER | 00443nam a2200121Ia 4500 | ||
|---|---|---|---|
| 008 | 111205s9999 xx 000 0 mal d | ||
| 100 | |a Murikkal ,Jose | ||
| 245 | |a Nalu Nadakangal |c Murikkal ,Jose | ||
| 260 | |b Jose Murikkal |a Jose Murikkal |c 1986 | ||
| 300 | |a 376 | ||
| 942 | |c BK | ||
| 999 | |c 209738 |d 209738 | ||
| 952 | |0 0 |1 0 |2 ddc |4 0 |6 852_000000000000000_5J1_NAL |7 0 |9 231976 |a MAL |b MAL |c ST1 |d 1994-11-22 |g 38.00 |l 0 |o 852.5J1 NAL |p MAL19954 |r 2011-12-05 |v 38.00 |w 2011-12-05 |y BK | ||